Langage et discours: éléments de sémiolinguistique, théorie et pratique

Sábháilte in:
Sonraí bibleagrafaíochta
Príomhchruthaitheoir: Charaudeau, Patrick (Údar)
Formáid: LEABHAR
Teanga:Fraincis
Foilsithe / Cruthaithe: París Hachette 1983
Sraith:Langue Linguistique Communication
Ábhair:
Clibeanna: Cuir clib leis
Níl clibeanna ann, Bí ar an gcéad duine le clib a chur leis an taifead seo!

MARC

LEADER 00000nam a2200000 a 4500
001 UCM0844
003 CL-VaPUC
008 020315e19830000FR |||||||||||||||||fre|d
082 0 4 |a 401.41  |b CHA  |2 21 
100 0 |a Charaudeau, Patrick  |e author  |9 413 
245 1 0 |a Langage et discours: éléments de sémiolinguistique, théorie et pratique 
300 |a 175 p 
942 |c BK 
945 |d 20020315 00:00:00  |a cmena 
260 |a París  |b Hachette  |c 1983 
650 0 |a Análisis del discurso  |9 256696 
650 0 |a Semiótica  |9 265317 
650 7 |a SEMIOLINGUISTICA  |2 CL-VaPUC  |9 467841 
583 |a last modification  |c 20020315 00:00:00  |k Rodrigo Vera 
490 0 |a Langue Linguistique Communication 
999 |c 299655  |d 299653 
952 |0 0  |1 0  |4 0  |6 401_410000000000000_CHA_1983  |7 0  |8 A  |9 356401  |a FDOPOS  |b FDOPOS  |d 2019-11-21  |i 379766K  |l 3  |o 401.41 CHA 1983  |p 379766K  |r 2025-01-22  |s 2020-10-08  |w 2019-11-21  |y BK  |k MLA